1756 1456 1471 1151 1174 1414 1535 1912 1380 1033 1398 1445 1375 1151 1047 1269 1341 1453 1301 1549 1606 1604 1382 1693 1480 1358 1323 1178 1924 1960 1072 1775 1954 1225 1834 1731 1739 1581 1850 1884 1000 1207 1044 1022 1715 1940 1210 1201 1944 1419 1202 1216 1485 1061 1070 1664 1185 1394 1256 1197 1399 1760 1852 1773 1388 1571 1342 1530 1584 1161 1536 1724 1696 1951 1535 1925 1285 1543 1645 1932 1508 1622 1290 1677 1743 1528 1663 1000 1370 1312 1098 1839 1921 1521 1697 1598 1956 1054 1371 BCNSPRNW ULIB Ver.6.0+V

เปลี่ยนเป็นภาษาไทย

Change to English
 แสดงรายละเอียดบรรณานุกรม
  กลับหน้าหลัก

Brief Record : Get Marc (ISO 2709) : E-mail record : QR code < ปิดหน้าต่าง
LEADER : 00000nam 2200000uu 4500
001    13399120992
003     ULIB
008    121029s2550||||th 000 0 tha d
020    ^a9740317642
020    ^a9789740317647
050  4 ^aHA62^bช685ท 2550
100 1  ^aชูศรี วงศ์รัตนะ
245 10 ^aเทคนิคการใช้สถิติเพื่อการวิจัย /^cชูศรี วงศ์รัตนะ
250    ^aพิมพ์ครั้งที่ 10
260    ^aกรุงเทพฯ :^bคณะศึกษาศาสตร์ มหาวิทยาลัยศรีนครินทรวิโรฒ,^c2550
300    ^a382 หน้า :^bภาพประกอบ ;^c26 ซม.
591    ^aLISC มีปี 2553 (พิมพ์ครั้งที่ 12)
650  4 ^aคณิตศาสตร์สถิติ
650  4 ^aวิจัย
650  4 ^aวิจัย^xระเบียบวิธีทางสถิติ
650  4 ^aสถิติ
710 2  ^aมหาวิทยาลัยศรีนครินทรวิโรฒ. ^bคณะศึกษาศาสตร์
945    ^p220^l0^i14401
995    ^aกัณชพร
999    ^aกัณชพร
รายการนี้ยังไม่มีแท็ก
คุณยังไม่ได้ล็อกอิน คุณสามารถมีกิจกรรมร่วมกับเว็บไซต์ได้ แต่ต้องล็อกอินก่อน ::
  ล็อกอิน

รายการสื่อสารสนเทศ

ลำดับที่ ประเภท เลขเรียก/บาร์โค้ด สถานที่ สถานะ
1. วิทยาศาสตร์การแพทย์ และสุขภาพ
วิทยาศาสตร์การแพทย์ และสุขภาพ
HA62 ช685ท 2550  
  Barcode: 14401
ห้องสมุดวิทยาเขตสวรรค์ประชารักษ์
►หนังสือทั่วไป
บนชั้น

รายการใกล้เคียง
    ผู้แต่ง [ชูศรี วงศ์รัตนะ]

    หัวเรื่อง [คณิตศาสตร์สถิติ]
    หัวเรื่อง [วิจัย]
    หัวเรื่อง [สถิติ]

BibComment


ยังไม่เคยถูกคอมเมนท์

คอมเมนท์ทรัพยากรรายการนี้
  คอมเมนท์: เทคนิคการใช้สถิต..


 Copyright 2026. Bcnsprnw @Library